000 01665nam a2200325 i 4500
001 768714001
003 CO-MdFUSB
005 20210604125805.0
007 ta
008 200601t2003 sp |||| |||| 00| 0 spa d
020 _a08428525587
040 _aCO-MdFUSB
_bspa
_cCO-MdFUSB
_dCO-MdFUSBC
_erda
041 _aspa
082 _223
_a972.84052
_bM871
100 _aMorozzo della Rocca, Roberto,
_eautor
245 _aÓscar Romero :
_bun obispo entre la guerra y revolución
_c/ R Morozzo della Rocca
264 1 _aEspaña :
_bSan Pablo,
_c[2003]
264 4 _c© 2003
300 _a354 páginas
_c; 22 cm
336 _2rdacontent
_atexto
_btxt
337 _2rdamedia
_asin mediación
_bn
338 _2rdacarrier
_avolumen
_bnc
490 _aSemblanzas (Madrid)
520 _aÓscar Romero, arzobispo de la capital de El Salvador en la década de 1970, era famoso en el mundo entero. Los medios de comunicación internacionales amplificaban su voz y su actuación en favor de la justicia y de la paz; se llegó a hablar de su nombre como candidato al premio Nobel de la Paz. Pero en 1980 fue asesinado mientras celebraba la Eucaristía. Veinte años después de su muerte, su figura sigue siendo una referencia, gracias a la rica herencia de su testimonio. Esta obra rinde homenaje a monseñor Romero mostrándole, sin ceñirse a visiones parciales, en la complejidad de su carácter, ante la dificultad de los tiempos que le tocaron vivir, empeñado en su esfuerzo por ser, ante todo, fiel al Evangelio.
650 0 _9153
_aHistoria de la Iglesia
650 0 _91851
_aJusticia social
653 _aSalvado -- Historia
942 _cBK
945 _aJTF-925
999 _c65939
_d65939